000 00422nam a2200157Ia 4500
008 230718s9999 xx 000 0 und d
041 _aeng
082 _a004.16
_bHAL
100 _aHall D.V.
245 _aMicroprocessor And Interfacing
_bProgramming And Hardware
260 _c2004
_bTata McGraw-Hill
300 _a624
365 _cRs.
_b295.00
700 _aHall D.V.
906 _dB:1194/24.1.0530-Aug-2005
_cCOMP
_b59
999 _c309587
_d309587